| 000 | 00562nam a22001697a 4500 | ||
|---|---|---|---|
| 003 | OSt | ||
| 005 | 20260219123652.0 | ||
| 008 | 260219b |||||||| |||| 00| 0 eng d | ||
| 040 | _cMRSPTU | ||
| 041 | _aEnglish | ||
| 100 | _aSugandhit Vikas Bali, Supervisor: Dr. Manjeet Bansal | ||
| 245 | _aEvolving Biological Management of Domestic Waste Water in Low Temperature Regions | ||
| 260 |
_bDepartment of Civil Engg. MRSPTU, Bathinda _c2017 |
||
| 650 | _aCivil Engineering | ||
| 856 | _uhttp://163.47.215.52:8080/jspui/handle/123456789/416 | ||
| 942 |
_2ddc _cTH _n0 |
||
| 999 |
_c10960 _d10960 |
||